Medicina domestica o tratado completo sobre los medios de conservar la salud, precaver y curar las enfermedades por un régimen y remedios simples (Record no. 8713)

MARC details
000 -CABECERA
campo de control de longitud fija 01196nam a2200277 a 4500
001 - NÚMERO DE CONTROL
campo de control BRCA_9063
005 - FECHA Y HORA DE LA ÚLTIMA TRANSACCIÓN
campo de control 20190320210518.0
008 - DATOS DE LONGITUD FIJA--INFORMACIÓN GENERAL
campo de control de longitud fija 040917s1792----sp-#######---#000-0#spa-#
041 ## - CÓDIGO DE LENGUA
Código de lengua del texto/banda sonora o título independiente spa
044 ## - CÓDIGO DEL PAÍS DE LA ENTIDAD EDITORA/PRODUCTORA
Código MARC del país sp
084 ## - OTRO NÚMERO DE CLASIFICACIÓN
Número de clasificación BE107
Número de documento/Ítem .B83 1792
100 1# - ENTRADA PRINCIPAL--NOMBRE DE PERSONA
Nombre de persona Buchan, Guillermo
9 (RLIN) 22255
245 10 - MENCIÓN DE TÍTULO
Título Medicina domestica o tratado completo sobre los medios de conservar la salud, precaver y curar las enfermedades por un régimen y remedios simples
Mención de responsabilidad, etc. por Guillermo Buchan; traducida de la última y nona edición Inglesa, igualmente que las notas que puso Mr. Duplanil; por D. Pedro Sinnot...
250 ## - MENCIÓN DE EDICIÓN
Mención de edición 2ª ed.
260 ## - PUBLICACIÓN, DISTRIBUCIÓN, ETC.
Lugar de publicación, distribución, etc. Madrid
Nombre del editor, distribuidor, etc. En la Imprenta Real
Fecha de publicación, distribución, etc. 1792
300 ## - DESCRIPCIÓN FÍSICA
Extensión 461 p. (t.3)
Dimensiones 22 x 15.8 cm
500 ## - NOTA GENERAL
Nota general Estado físico: presenta encuadernación en pergamino con cintas rotas y lomo semi desprendido
500 ## - NOTA GENERAL
Nota general Con licencia
500 ## - NOTA GENERAL
Nota general En portada: Corregida, ilustrada, aumentada y revisada por los Físicos y Botánicos mas acreditados en esta Corte...
500 ## - NOTA GENERAL
Nota general En portada: Impreso a costa de Don Pedro Kearney
650 14 - PUNTO DE ACCESO ADICIONAL DE MATERIA--TÉRMINO DE MATERIA
Término de materia o nombre geográfico como elemento de entrada Medicina popular
9 (RLIN) 22256
650 14 - PUNTO DE ACCESO ADICIONAL DE MATERIA--TÉRMINO DE MATERIA
Término de materia o nombre geográfico como elemento de entrada Medicina tradicional
9 (RLIN) 22257
700 1# - PUNTO DE ACCESO ADICIONAL--NOMBRE DE PERSONA
Nombre de persona Sinno, Pedro
9 (RLIN) 22424
902 ## - CATALOGADOR
Iniciales CFM
942 ## - ELEMENTOS DE PUNTO DE ACCESO ADICIONAL (KOHA)
Fuente del sistema de clasificación o colocación Library of Congress Classification
Tipo de ítem Koha Libros
Holdings
Estado de retiro Estado de pérdida Estado dañado No para préstamo Localización permanente Ubicación/localización actual Fecha de adquisición Total de préstamos Signatura topográfica completa Código de barras Fecha visto por última vez Precio válido a partir de Tipo de ítem Koha
El ejemplar forma parte de la colección y puede ser consultado según las políticas vigentes.       Biblioteca del Museo Franz Mayer (Rogerio Casas-Alatriste) Biblioteca del Museo Franz Mayer (Rogerio Casas-Alatriste) 04/09/2017   BE107 .B83 1792 CFM00420 22/03/2019 22/03/2019 Libros